| 000 | 00880cam a2200277 4500 | ||
|---|---|---|---|
| 008 | 090401t1992 xxu||||| |||| 00| 0 eng d | ||
| 020 | _a0632033894 | ||
| 035 | _a(Sirsi) u16309 | ||
| 041 | _aeng | ||
| 050 | _a347.41067 | ||
| 100 | _aReynolds, Michael P | ||
| 245 | 4 | _aThe expert witness and his evidence | |
| 250 | _a2nd. | ||
| 260 |
_aOxford _bBSP Professional Books _c1992 |
||
| 300 | _ax,219p. ; 24cm. | ||
| 350 | _a28.5 | ||
| 520 | _aSecond edition of a stage by stage guide for the expert witness, which also includes chapters on professional liability and the preparation of Scott Schedules. SUPERSEDED BY 3RD EDITION, 2002 | ||
| 650 |
_aDISPUTE RESOLUTION _96236 |
||
| 650 | _aEXPERT WITNESSES | ||
| 650 | _aPROFESSIONAL LIABILITY | ||
| 650 | _aSCOTT SCHEDULES | ||
| 690 | _aLAW | ||
| 700 | _aKing, Philip S. D. | ||
| 942 | _n0 | ||
| 948 | _c04/03/1997 | ||
| 999 |
_c87412 _d87412 |
||